| 000 | 00525pab a2200181 454500 | ||
|---|---|---|---|
| 008 | 180718b2006 xxu||||| |||| 00| 0 eng d | ||
| 100 | _aMcFarland, Daniel A. | ||
| 245 | _aBowling young: how youth voluntary associations influence adult political participation | ||
| 260 | _c2006 | ||
| 300 | _ap.401-425. | ||
| 362 | _aJun | ||
| 650 | _aNongovernmental organizations | ||
| 650 | _aYouth | ||
| 650 | _aPolitical participation | ||
| 700 | _aThomas, Reuben J. | ||
| 773 | _aAmerican Sociological Review | ||
| 909 | _a72181 | ||
| 999 |
_c72181 _d72181 |
||